书目信息 |
| 题名: |
中国分省地图集
|
|
| 作者: | ||
| 分册: | ||
| 出版信息: | 北京 中国地图出版社 2013.01 |
|
| 页数: | 233页 | |
| 开本: | 31cm | |
| 丛书名: | ||
| 单 册: | ||
| 中图分类: | K992.2 | |
| 科图分类: | ||
| 主题词: | 行政区地图--地图集--中国 , 行政区地图 , 地图集 | |
| 电子资源: | ||
| ISBN: | 978-7-5031-7273-1 | |
| 000 | 00750nam0 2200253 450 | |
| 001 | 010010111691 | |
| 005 | 20130608171643.67 | |
| 010 | @a978-7-5031-7273-1@dCNY60.00 | |
| 100 | @a20130306d2013 em y0chiy50 ea | |
| 101 | 0 | @achi |
| 102 | @aCN@b110000 | |
| 105 | @ab z 000yy | |
| 106 | @ar | |
| 200 | 1 | @a中国分省地图集@9zhong guo fen sheng di tu ji@dProvincial atlas of China@zeng |
| 210 | @a北京@c中国地图出版社@d2013.01 | |
| 215 | @a233页@c地图@d31cm | |
| 330 | @a本书共有各类地图210多幅,图集由序图、省区图两大部分组成。 | |
| 510 | 1 | @aProvincial atlas of China@zeng |
| 606 | 0 | @a行政区地图@x地图集@y中国 |
| 606 | 0 | @a行政区地图 |
| 606 | 0 | @a地图集 |
| 690 | @aK992.2@v5 | |
| 801 | 0 | @aCN@b人天书店@c20130306 |
| 905 | @dK992.2@e87 | |
| 中国分省地图集=Provincial atlas of China.-北京:中国地图出版社,2013.01 |
| 233页:地图;31cm |
| ISBN 978-7-5031-7273-1:CNY60.00 |
| 本书共有各类地图210多幅,图集由序图、省区图两大部分组成。 |
| ● |
| 相关链接 |
|
|
|
|
正题名:中国分省地图集
索取号:K992.2/87
 
预约/预借
| 序号 | 登录号 | 条形码 | 馆藏地/架位号 | 状态 | 备注 |
| 1 | 0545217 | 205452179 | 第二样本阅览室/ [索取号:K992.2/87] | 在馆 | |
| 2 | 0545218 | 205452188 | 第二借阅区/ [索取号:K992.2/87] | 在馆 | |
| 3 | 0545219 | 205452197 | 第二借阅区/ [索取号:K992.2/87] | 在馆 | |
| 4 | 0545220 | 205452204 | 第二借阅区/ [索取号:K992.2/87] |
已借出,限还日期为2019.03.18 借出人:勾建国 |
|
| 5 | 0545221 | 205452213 | 密集书库-资源管理系/ [索取号:K992.2/87] | 在馆 |